书目信息 |
| 题名: |
工程测量实训报告
|
|
| 作者: | 张保成 编著 | |
| 分册: | ||
| 出版信息: | 北京 人民交通出版社 2007.06 |
|
| 页数: | 79页 | |
| 开本: | 26cm | |
| 丛书名: | ||
| 单 册: | ||
| 中图分类: | TB22 | |
| 科图分类: | ||
| 主题词: | 工程测量--gong cheng ce liang--职业教育--自学参考资料 | |
| 电子资源: | ||
| ISBN: | 978-7-114-06448-7 | |
| 000 | 00836nam0 2200241 450 | |
| 001 | 012007282753 | |
| 005 | 20071106095614.29 | |
| 010 | @a978-7-114-06448-7@dCNY30.00 (全2册) | |
| 100 | @a20070924d2007 km y0chiy0120 ea | |
| 101 | 0 | @achi |
| 102 | @aCN@b110000 | |
| 105 | @aa z 000yy | |
| 106 | @ar | |
| 200 | 1 | @a工程测量实训报告@Agong cheng ce liang shi xun bao gao@f张保成编著@Fzhang bao cheng bian zhu |
| 210 | @a北京@c人民交通出版社@d2007.06 | |
| 215 | @a79页@c图@d26cm | |
| 300 | @a交通职业教育路桥类专业规划教材配套教材 | |
| 330 | @a本书内容包括:工程测量课间实训报告与记录表格式、工程测量教学实训报告与记录计算表格式。 | |
| 606 | 0 | @a工程测量@Agong cheng ce liang@x职业教育@j自学参考资料 |
| 690 | @aTB22@v4 | |
| 701 | 0 | @a张保成@Azhang bao cheng@4编著 |
| 801 | 0 | @aCN@b@c20071106 |
| 905 | @b264056-58@dTB22@eZ070@f3 | |
| 工程测量实训报告/张保成编著.-北京:人民交通出版社,2007.06 |
| 79页:图;26cm |
| 交通职业教育路桥类专业规划教材配套教材 |
| ISBN 978-7-114-06448-7:CNY30.00 (全2册) |
| 本书内容包括:工程测量课间实训报告与记录表格式、工程测量教学实训报告与记录计算表格式。 |
| ● |
| 相关链接 |
|
|
|
正题名:工程测量实训报告
索取号:TB22/Z070
 
预约/预借
| 序号 | 登录号 | 条形码 | 馆藏地/架位号 | 状态 | 备注 |
| 1 | 264056 | 202640561 | 期刊室512/501自科库 5排3列2层/ [索取号:TB22/Z070] | 在馆 | |
| 2 | 264057 | 202640570 | 自科库501/501自科库 5排3列2层/ [索取号:TB22/Z070] | 在馆 | |
| 3 | 264058 | 202640589 | 自科库501/501自科库 5排3列2层/ [索取号:TB22/Z070] | 在馆 |